000 00477nam a2200169Ia 4500
008 240729s9999 xx 000 0 und d
022 _a2578-7470
245 0 _aHIV Research & Clinical Practice
260 _aUnited Kingdom
260 _bTaylor & Francis Group
650 _a Infectious and parasitic diseases
650 _a Internal medicine
650 _aMedicine
856 _uhttps://doaj.org/toc/7915978c526d4cbd9e3556809acf8aa2
942 _2ddc
942 _cDOAJEJ
999 _c69127
_d69127
945 _a1
_bMadushi Gamage
_c1
_dMadushi Gamage